|
|
|
|
| LEADER |
00000nam0a2200000 4500 |
| 001 |
295006 |
| 005 |
20231102000750.0 |
| 020 |
|
|
|a RU
|b 84-28996
|
| 035 |
|
|
|a (RuTPU)RU\TPU\book\320082
|
| 090 |
|
|
|a 295006
|
| 100 |
|
|
|a 20150520d1983 k y0rusy5003 ca
|
| 101 |
0 |
|
|a rus
|
| 102 |
|
|
|a UA
|
| 105 |
|
|
|a a z 001zy
|
| 200 |
1 |
|
|a Тепломассоперенос в одно-и двух-фазных средах
|e сборник научных трудов
|f Академия наук Украинской ССР (АН УССР), Институт технической теплофизики (ИТТФ) ; под ред. В. И. Толубинского
|
| 210 |
|
|
|a Киев
|c Наукова думка
|d 1983
|
| 215 |
|
|
|a 248 с.
|c ил.
|
| 320 |
|
|
|a Библиография в конце статей
|
| 606 |
1 |
|
|a Переноса явления
|2 stltpush
|3 (RuTPU)RU\TPU\subj\48591
|9 67446
|
| 610 |
1 |
|
|a теплоперенос
|
| 610 |
1 |
|
|a массоперенос
|
| 610 |
1 |
|
|a однофазные среды
|
| 610 |
1 |
|
|a двухфазные среды
|
| 610 |
1 |
|
|a теория
|
| 610 |
1 |
|
|a экспериментальные исследования
|
| 610 |
1 |
|
|a стохастическая теория
|
| 610 |
1 |
|
|a неравновесные процессы
|
| 610 |
1 |
|
|a термодинамическое равновесие
|
| 610 |
1 |
|
|a тепломассоперенос
|
| 675 |
|
|
|a 536.24
|z rus
|v 3
|
| 702 |
|
1 |
|a Толубинский
|b В. И.
|g Всеволод Иванович
|4 340
|
| 712 |
0 |
2 |
|a Академия наук Украинской ССР (АН УССР)
|b Институт технической теплофизики (ИТТФ)
|c (Киев)
|2 stltpush
|3 (RuTPU)RU\TPU\col\1122
|
| 801 |
|
0 |
|a RU
|b RuMRKP
|c 19950704
|g psbo
|
| 801 |
|
1 |
|a RU
|b 63413507
|c 20150520
|
| 801 |
|
2 |
|a RU
|b 63413507
|c 20181112
|g RCR
|
| 942 |
|
|
|c BK
|